Vansittart in office: an historical survey of the origins of the second world war based on the papers of Sir Robert Vansuttart (Record no. 362949)

000 -LEADER
fixed length control field 00500cam a22001337a 4500
008 - FIXED-LENGTH DATA ELEMENTS--GENERAL INFORMATION
fixed length control field 180718b1965 xxu||||| |||| 00| 0 eng d
082 ## - DEWEY DECIMAL CLASSIFICATION NUMBER
Classification number Dx42 C726
100 ## - MAIN ENTRY--PERSONAL NAME
Personal name Colvin, Ian
245 ## - TITLE STATEMENT
Title Vansittart in office: an historical survey of the origins of the second world war based on the papers of Sir Robert Vansuttart
Statement of responsibility, etc. by Ian Colvin
260 ## - PUBLICATION, DISTRIBUTION, ETC.
Place of publication, distribution, etc. London
Name of publisher, distributor, etc. Gollancz
Date of publication, distribution, etc. 1965
300 ## - PHYSICAL DESCRIPTION
Extent 360p.
650 ## - SUBJECT ADDED ENTRY--TOPICAL TERM
Topical term or geographic name entry element World War, 1939-1945 --Causes
650 ## - SUBJECT ADDED ENTRY--TOPICAL TERM
Topical term or geographic name entry element Vansittart, Robert Gilbert Vansittart, Baron, 1881-1957
Holdings
Withdrawn status Lost status Damaged status Not for loan Permanent Location Current Location Date acquired Full call number Barcode Date last seen Price effective from Koha item type
        Indian Institute of Public Administration Indian Institute of Public Administration 1994-03-28 Dx42 C726 37597 2018-07-21 2018-07-21 Book

Powered by Koha